| 000 | 00842nam a2200313Ia 4500 | ||
|---|---|---|---|
| 001 | 4829 | ||
| 005 | 20240113233801.0 | ||
| 007 | ta | ||
| 008 | 050615s2006 g b000 u asm u | ||
| 020 | _cHB | ||
| 040 | _aCotton College,Assam | ||
| 041 | _aasm | ||
| 082 |
_a891.41408 _bBh 469 Ar |
||
| 100 | _aBhattacharya, Basanta Kumar . | ||
| 245 | 0 |
_aArunoday Yugar Sahitya / _cBasanta Kumar Bhattacharya. _hTextual Documents |
|
| 250 | _a4th ed. / | ||
| 260 |
_aNalbari : _bSamannaya Granthalaaya , _c2006. |
||
| 300 |
_a128p. ; _c22cm. |
||
| 653 | _aAssamese Essays-Collections,Assamese Literature | ||
| 653 | _aAssamese Literature | ||
| 653 | _aPG-Assamese | ||
| 653 | _aG- Assamese | ||
| 942 |
_2ddc _cBK |
||
| 999 |
_c4816 _d4816 |
||